Statistiques concernant Frontières de l'Afrique du Sud - Sprint de une minute

Cliquez ici pour prendre le quiz!

Statistiques générales

  • Ce quiz a été pris 225 fois
    (170 depuis la dernière actualisation)
  • Le résultat moyen est 6 sur 6

Statistiques - réponses

Pays% Correct
Lesotho
97%
Botswana
94%
Eswatini
94%
Namibie
94%
Mozambique
92%
Zimbabwe
92%

Distribution des résultats

Percentile par nombre de réponses

% des personnes avec chaque résultat

Votre développement - résultats

Vous n’avez pas pris ce quiz depuis la dernière actualisation